Utilization of M-pesa and performance of small and medium scale businesses in Nakuru town / (Record no. 16494)
[ view plain ]
| 000 -LEADER | |
|---|---|
| fixed length control field | 00809cam a22002172 4500 |
| 001 - CONTROL NUMBER | |
| control field | 0000025015 |
| 003 - CONTROL NUMBER IDENTIFIER | |
| control field | OSt |
| 005 - DATE AND TIME OF LATEST TRANSACTION | |
| control field | 20170918162722.0 |
| 008 - FIXED-LENGTH DATA ELEMENTS--GENERAL INFORMATION | |
| fixed length control field | 140416s xx 000 0 eng d |
| 040 ## - CATALOGING SOURCE | |
| Original cataloging agency | KABU |
| Transcribing agency | KABU |
| 050 ## - LIBRARY OF CONGRESS CALL NUMBER | |
| Classification number | The HD2346 |
| Item number | .K4K57 2015 |
| 100 1# - MAIN ENTRY--PERSONAL NAME | |
| Personal name | Kiplagat, Jane Jepkosgei |
| 245 13 - TITLE STATEMENT | |
| Title | Utilization of M-pesa and performance of small and medium scale businesses in Nakuru town / |
| Statement of responsibility, etc. | Jane Jepkosgei Kiplagat |
| 260 ## - PUBLICATION, DISTRIBUTION, ETC. (IMPRINT) | |
| Place of publication, distribution, etc. | Nakuru : |
| Name of publisher, distributor, etc. | Kabarak University, |
| Date of publication, distribution, etc. | 2015. |
| 300 ## - PHYSICAL DESCRIPTION | |
| Extent | xii, 76 leaves. |
| 502 ## - DISSERTATION NOTE | |
| Dissertation note | Thesis (MBA) - Kabarak University, 2015. |
| 650 #0 - SUBJECT ADDED ENTRY--TOPICAL TERM | |
| Topical term or geographic name as entry element | Banks and banking, Mobile |
| 650 #0 - SUBJECT ADDED ENTRY--TOPICAL TERM | |
| Topical term or geographic name as entry element | Information technology |
| General subdivision | Economic aspects |
| 650 #0 - SUBJECT ADDED ENTRY--TOPICAL TERM | |
| Topical term or geographic name as entry element | Small business enterprises |
| General subdivision | Finance |
| Geographic subdivision | Kenya |
| 942 ## - ADDED ENTRY ELEMENTS (KOHA) | |
| Source of classification or shelving scheme | Library of Congress Classification |
| Koha item type | Thesis, Dissertation and Projecs |
| Classification part | The HD2346 |
| Item part | .K4K57 2015 |
| Call number prefix | The |
| Withdrawn status | Lost status | Source of classification or shelving scheme | Not for loan | Home library | Current library | Date acquired | Total Checkouts | Full call number | Barcode | Date last seen | Date last checked out | Copy number | Price effective from | Koha item type |
|---|---|---|---|---|---|---|---|---|---|---|---|---|---|---|
| Library of Congress Classification | Kabarak, Main Campus | Kabarak, Main Campus | 18/09/2017 | 1 | The HD2346 .K4K57 2015 c.1 | 026311 | 31/10/2017 | 31/10/2017 | c.1 | 18/09/2017 | Thesis, Dissertation and Projecs | |||
| Library of Congress Classification | Kabarak, Nakuru City Campus | Kabarak, Nakuru City Campus | 18/09/2017 | KTC The HD2346 .K4K57 2015 c.1 | 026355 | 18/09/2017 | c.1 | 18/09/2017 | Thesis, Dissertation and Projecs |